000 00647nam a2200277Ia 4500
005 20260324123942.0
008 008 260324s9999 xx 000 0 eng d
020 _a9781315655949
037 _aEBOOK
040 _aCRL
040 _beng
040 _cCRL
041 _2eng
041 _aeng
084 _qCRL
100 _aGail D Triner
_91172287
245 0 _aMining and the State in Brazilian Development
260 _bTaylor and Francis
260 _c2011
365 _a
365 _b255
856 _uhttp://www.taylorfrancis.com/books/9781315655949
942 _cEBOOK
999 _c1766244
_d1766244